<?xml version="1.0" encoding="UTF-8"?>
<collection xmlns:xsi="http://www.w3.org/2001/XMLSchema-instance" xsi:schemaLocation="http://www.loc.gov/MARC21/slim http://www.loc.gov/standards/marcxml/schema/MARC21slim.xsd" xmlns="http://www.loc.gov/MARC21/slim">
 <record>
  <leader>00000ctm a22000004a 4500</leader>
  <controlfield tag="001">UP-99796217609179807</controlfield>
  <controlfield tag="003">Buklod</controlfield>
  <controlfield tag="005">20100227153204.0</controlfield>
  <controlfield tag="006">a     r    |||| u|</controlfield>
  <controlfield tag="007">ta</controlfield>
  <controlfield tag="008">100227s2008    xx     d     r    |||| u|</controlfield>
  <datafield tag="035" ind1=" " ind2=" ">
   <subfield code="a">(iLib)UPD-00128800039</subfield>
  </datafield>
  <datafield tag="040" ind1=" " ind2=" ">
   <subfield code="a">DEDUC</subfield>
  </datafield>
  <datafield tag="041" ind1=" " ind2=" ">
   <subfield code="a">eng</subfield>
  </datafield>
  <datafield tag="042" ind1=" " ind2=" ">
   <subfield code="a">DMLUC</subfield>
  </datafield>
  <datafield tag="090" ind1=" " ind2=" ">
   <subfield code="a">LG 995 2008 E32</subfield>
   <subfield code="b">D37</subfield>
  </datafield>
  <datafield tag="100" ind1="1" ind2=" ">
   <subfield code="a">Daplin, Maria Doreen S. Atillo</subfield>
  </datafield>
  <datafield tag="245" ind1="1" ind2="0">
   <subfield code="a">Science activity-enhanced content-based instruction</subfield>
   <subfield code="b">effects on grade two pupil achievement and attitude</subfield>
   <subfield code="c">Maria Doreen S. Atillo Daplin.</subfield>
  </datafield>
  <datafield tag="264" ind1=" " ind2="1">
   <subfield code="c">2008.</subfield>
  </datafield>
  <datafield tag="300" ind1=" " ind2=" ">
   <subfield code="a">xii, 96 leaves</subfield>
  </datafield>
  <datafield tag="502" ind1=" " ind2=" ">
   <subfield code="a">Thesis (M.Ed. General Science)--University of the Philippines, Diliman.</subfield>
  </datafield>
  <datafield tag="520" ind1=" " ind2=" ">
   <subfield code="a">Two grade 2 classes in Kapitan Tomas Monteverde Sr. Central Elementary School, Davao City were the subjects of this study which aimed to determine the effects of Science Activity-Enhanced Content-Based Instruction (SAE CBI) on Science and English achievement and their attitude towards the subjects.  The instruments used were the Science and English achievement tests and attitude rating scale.  The achievement pretest results were insignificant.  The Posttest results showed that the SAE CBI group was signficantly higher than that of the existing CBI group in Science and English achievement.  However, both groups made significant positive improvement on their attitudes based on the pretest-posttest mean scores.  Both approaches improved the pupils' attitude towards learning of the subject.</subfield>
  </datafield>
  <datafield tag="650" ind1=" " ind2="0">
   <subfield code="a">Science</subfield>
   <subfield code="x">Study and teaching (Elementary)</subfield>
   <subfield code="x">Activity programs</subfield>
   <subfield code="z">Philippines</subfield>
   <subfield code="z">Davao City (Davao del Sur)</subfield>
  </datafield>
  <datafield tag="650" ind1=" " ind2="0">
   <subfield code="a">Second grade (Education)</subfield>
   <subfield code="z">Philippines</subfield>
   <subfield code="z">Davao City (Davao del Sur)</subfield>
  </datafield>
  <datafield tag="650" ind1=" " ind2="0">
   <subfield code="a">School children</subfield>
   <subfield code="z">Philippines</subfield>
   <subfield code="c">Davao City (Davao del Sur)</subfield>
   <subfield code="x">Attitudes.</subfield>
  </datafield>
  <datafield tag="650" ind1=" " ind2="0">
   <subfield code="a">Academic achievement</subfield>
   <subfield code="z">Philippines</subfield>
   <subfield code="z">Davao City (Davao del Sur)</subfield>
  </datafield>
  <datafield tag="650" ind1=" " ind2="0">
   <subfield code="a">Curriculum planning</subfield>
   <subfield code="z">Philippines</subfield>
   <subfield code="z">Davao City (Davao del Sur)</subfield>
  </datafield>
  <datafield tag="691" ind1="2" ind2="4">
   <subfield code="a">Kapitan Tomas Monteverde Sr. Central Elementary School (Davao City).</subfield>
  </datafield>
  <datafield tag="905" ind1=" " ind2=" ">
   <subfield code="a">FI</subfield>
  </datafield>
  <datafield tag="905" ind1=" " ind2=" ">
   <subfield code="a">UP</subfield>
  </datafield>
  <datafield tag="852" ind1="0" ind2=" ">
   <subfield code="a">UPD</subfield>
   <subfield code="b">DARCHIVES</subfield>
   <subfield code="h">LG 995 2008 E32</subfield>
   <subfield code="i">D37</subfield>
  </datafield>
  <datafield tag="852" ind1="0" ind2=" ">
   <subfield code="a">UPD</subfield>
   <subfield code="b">DEDUC</subfield>
   <subfield code="h">LG 995 2008 E32</subfield>
   <subfield code="i">D37</subfield>
  </datafield>
  <datafield tag="942" ind1=" " ind2=" ">
   <subfield code="a">Thesis</subfield>
  </datafield>
 </record>
</collection>
